| 000 | 00510nam a2200121Ia 4500 | ||
|---|---|---|---|
| 008 | 220615s9999||||xx |||||||||||||| ||und|| | ||
| 245 | 0 |
_aCity of Crisis _bThe Multiple Contestation of Southern European Cities |
|
| 546 | _aEnglish[eng] | ||
| 650 | _asociology||economy||globalization||transformation||urban studies||planning||city||crisis||europe||civil society | ||
| 700 | _aEckardt, Frank||Ruiz Sánchez, Javier | ||
| 856 | _uhttps://library.oapen.org/bitstream/20.500.12657/37500/1/624900.pdf | ||
| 942 | _cEB | ||
| 999 |
_c13204 _d13204 |
||